书目信息 |
| 题名: |
美国图书馆协会排片条例
|
|
| 作者: | 波林·A·西利 编 ;佟富 , 郝生源 , 刘光玮 译 | |
| 分册: | ||
| 出版信息: | 北京 书目文献出版社 1985.09 |
|
| 页数: | 406页 | |
| 开本: | 19cm | |
| 丛书名: | ||
| 单 册: | ||
| 中图分类: | G254.33 | |
| 科图分类: | ||
| 主题词: | 图书馆学 , 图书馆事业 | |
| 电子资源: | ||
| ISBN: | ||
| 000 | 00797nam0 2200265 45 | |
| 001 | 0303170880 | |
| 005 | 20031219104107.0 | |
| 010 | @dCNY2.15 | |
| 091 | @a7201.51 | |
| 100 | @a20030317d1985 km y0chiy0120 ea | |
| 101 | 0 | @achi |
| 105 | @a z 000yy | |
| 200 | 1 | @a美国图书馆协会排片条例@AMei Guo Tu Shu Guan Xie Hui Pai Pian Tiao Li@f(美)波林·A·西利编@F(Mei)Bo Lin·A·Xi Li Bian@g佟富,郝生源译@g刘光玮校 |
| 205 | @a第二版 | |
| 210 | @a北京@c书目文献出版社@d1985.09 | |
| 215 | @a406页@d19cm | |
| 606 | 0 | @a图书馆学 |
| 606 | 0 | @a图书馆事业 |
| 690 | @aG254.33@v3 | |
| 701 | 0 | @a波林·A·西利@4编 |
| 702 | 0 | @a佟富@ATong Fu@4译 |
| 702 | 0 | @a郝生源@AHao Sheng Yuan@4译 |
| 702 | 0 | @a刘光玮@ALiu Guang Wei@4校 |
| 801 | @aCN@bTSTC@c20030317 | |
| 905 | @f3@b168411-413@dG254.33@e23=2 | |
| 美国图书馆协会排片条例/(美)波林·A·西利编/佟富,郝生源译/刘光玮校.-第二版.-北京:书目文献出版社,1985.09 |
| 406页;19cm |
| ISBN :CNY2.15 |
| ● |
| 相关链接 |
|
|
|
|
正题名:美国图书馆协会排片条例
索取号:G254.33/23=2
 
预约/预借
| 序号 | 登录号 | 条形码 | 馆藏地/架位号 | 状态 | 备注 |
| 1 | 0149988 | 000502995 | 密集书库/ [索取号:G254.33/23=2] | 在馆 | |
| 2 | 0149989 | 000503002 | 密集书库/ [索取号:G254.33/23=2] | 在馆 | |
| 3 | 0149990 | 000502986 | 第一样本阅览室/ [索取号:G254.33/23=2] | 在馆 | |
| 4 | 0168411 | 001765245 | 密集书库/ [索取号:G254.33/23=2] | 在馆 | |
| 5 | 0168412 | 001765209 | 密集书库/ [索取号:G254.33/23=2] | 在馆 | |
| 6 | 0168413 | 001765165 | 密集书库/ [索取号:G254.33/23=2] | 在馆 |